| 000 | 00703nam a2200205 a 4500 | ||
|---|---|---|---|
| 005 | 20240925065439.0 | ||
| 008 | 991125s1986 mx 000 0 spa u | ||
| 020 | _a9682911567 | ||
| 035 | _aUPN01000011602 | ||
| 049 | _aSEP | ||
| 050 | 4 |
_aLC191 _bA5.48 |
|
| 100 | 1 |
_aAnderson, Charles Arnold, _d1907-1990 _930844 |
|
| 245 | 1 | 3 |
_aEl contexto social de la planeación educativa / _cC. A. Anderson. |
| 260 |
_aMéxico : _bSEP : _bUNESCO, Instituto Internacional de Planeación de la Educación, _c1986. |
||
| 300 | _a44 p. | ||
| 440 | 0 |
_aFundamentos del planeamiento de la educación ; _v1 |
|
| 650 | 4 |
_aEducación _xPlanificación _91146 |
|
| 650 | 4 |
_aSociología de la educación _94896 |
|
| 905 | _aLibro | ||
| 999 |
_c11602 _d11602 |
||